000 00460nam a2200181Ia 4500
999 _c5356
_d5356
008 200103s 2010 ||||xx |||||||||||||| ||und||
082 _a623.8171
_bSUB
100 _aSubramaniam, H.
245 0 _aShip stability 1
250 _a2nd
260 _bVijaya Publications
_c2010
_aMumbai
300 _a290 p.: ill.
440 _aNutshell Series Book 4
650 _aWater pressure
650 _aFlotation
650 _aCentre of gravity
942 _cBK